Datum a čas kvízu

27.5 Celkem bodů Celkový počet nahraných bodů na tomto kvízu bez doplňovacích otázek.
12. Pořadí na kvízu Konečné umístění týmu na tomto kvízu.

Zaznamenané odpovědi

# Otázka Odpověď Body Výsledky
1. Novým místopředsedou sněmovny... Aleš Juchelka 1
2. V médiích se minulý týden obje... nafukovací panna 0
3. Minulý týden jsme se dozvěděli... Tereza Pergnerová 1
4. V pondělí jsme se dozvěděli o... Dagmar Havlová 1
5. Z pondělí na úterý se konalo f... Florida Panthers, Edmonton Oilers 1
6. Pojmenování spojená s reproduk... zmetek 1
7. Jak se jmenuje zobrazené asijs... kašmírská koza 1
8. Které z následujících tvrzení... D 0
9. Ještě do zhruba 13. století se... zebu 0
10. Zvířata, která mají vlnu, vylu... lanolin 1